Sumo Emperor's Cup Winners 2000-2019 - Statistics

General Stats
  • This quiz has been taken 94 times
  • The average score is 15 of 25
Answer Stats
Hint Answer % Correct
H (Mongolia) Hakuho
93%
A (Hawaii) Akebono
81%
A (Mongolia) Asashoryu
80%
T (Georgia) Tochinoshin
80%
K (Mongolia) Kakuryu
76%
H (Mongolia) Harumafuji
74%
B (Estonia) Baruto
72%
M (American Samoa) Musashimaru
69%
K Kisenosato
65%
T Takakeisho
65%
T (Mongolia) Terunofuji
65%
K (Bulgaria) Kotooshu
63%
T Takanohana
61%
G Goeido
59%
T (Mongolia) Tamawashi
59%
M Mitakeumi
56%
K Kaio
52%
A Asanoyama
48%
K (Mongolia) Kyokutenho
48%
K Kotoshogiku
46%
C Chiyotaikai
43%
M Musoyama
35%
T Tochiazuma
35%
T Takatoriki
31%
K Kotomitsuki
26%
No matching quizzes found
Score Distribution
Percent of People with Each Score
Percentile by Number Answered
Your Score History
You have not taken this quiz